000 00676nam a22002057a 4500
005 20100724115719.0
010 _aENG-96502
020 _a9789380032542
_c150.00
020 _a9789380032542
_c150.00
035 _aEN-80035
037 _bDBAD/PUB
082 _aN
100 _a Kalpish Ratna
_92575
245 _aThe Nalanda Chronicles /
_cby Kalpish Ratna
260 _aChennai
_bTranquebar
_c2009
270 _a571, poonamallee High Road, Kamaraj Bhavan, Aminijikarai
_bChennai
300 _a134p.
_c18cm (pbk)
942 _2ddc
_cEN
_hN
_mKAL
999 _c37516
_d37516